000 01169nam a22002657a 4500
005 20240530110639.0
008 171007s2016 ua ao g b 000 0 ara d
017 _a2015/9755
_bمصر. دار الكتب
020 _a9789777352741
040 _aEG-CaGPL
_cEG-CaGPL
082 0 4 _221
_a363.3481\
_bص م
100 _aصالح محمد صالح
245 0 2 _aالمنقذ المحترف و كيفية التعامل فى حالات الطوارئ /
_cاعداد صالح محمد صالح ، زكريا انور عبدالغنى .
250 _aط.1
260 _aالاسكندرية :
_bمؤسسة عالم الرياضة للنشر و التوزيع ،
_c2016 .
300 _a167 ص :
_bصور ؛
_c24 سم .
500 _aفى العنوان الموسوعة العلمية الشاملة للانقاذ .
504 _aببليوجرافية : ص 151 - 163
650 0 7 _2qrmak
_aالانقاذ
650 0 7 _aالانقاذ المائى
700 0 _aصالح محمد صالح
_eمعد و مترجم .
700 0 _aزكريا انور عبدالغنى
_eمعد و مترجم .
942 _2ddc
_cBK
999 _c63400
_d63400